| 000 | 00745nam-a2200217-a-4500 | ||
|---|---|---|---|
| 001 | 000185590 | ||
| 003 | AM-YEHGA | ||
| 005 | 20250617160737.0 | ||
| 008 | 981225s1961 xxu 000 0 rus u | ||
| 040 | _aAM-YeHGA | ||
| 245 | 0 | 0 |
_aСцинтилляционный метод в радиометрии / _cВ.О. Вяземский и др. ; Под ред. Б.В. Рыбаков. |
| 260 |
_aМосква : _bГосатомиздат , _c1961. |
||
| 300 | _a430 с. | ||
| 650 | 1 | 4 | _aРадиометрия |
| 700 | 1 | _aЛомоносов, И.И. | |
| 700 | 1 | _aПисаревский, А.Н. | |
| 700 | 1 | _aВяземский, В.О. | |
| 700 | 1 | _aПротопопов, Х.В. | |
| 700 | 1 |
_aРыбаков, Б.В. _4edt |
|
| 090 | _c462706 | ||
| 999 |
_c459635 _d459635 |
||